| 000 | 01105cam a22003137a 4500 | ||
|---|---|---|---|
| 003 | CHAP | ||
| 005 | 20220329140323.0 | ||
| 008 | 971013s1970 r 00010 d | ||
| 010 | _a50336 | ||
| 011 | _a51308 | ||
| 035 | _a55458 | ||
| 040 | _cCHAP | ||
| 090 | _aTesis | ||
| 100 | 0 | 0 |
_aPissani Zúñiga, Juan Francisco. _988566 |
| 245 | 0 | _aAnálisis de flujos unitarios para melgas de dimensión constante, en siembras de trigo en Apodaca, N.L. | |
| 260 |
_a(Monterrey, N.L.) : _bEl autor, _c1970 |
||
| 300 |
_a80 h. _b: gráfs. |
||
| 502 | _aTesis (M.C. Esp. en Uso y Conservación del Agua) -- ITESM. Div. de Ciencias Agropecuarias y Marítimas. Esc. de Graduados | ||
| 590 |
_aALEPH _b10 _c20130110 _lUCH01 _h1324 |
||
| 590 |
_aBATCH-UPD _b10 _c20130110 _lUCH01 _h0543 |
||
| 590 |
_aBATCH-UPD _b10 _c20130410 _lUCH01 _h0224 |
||
| 590 |
_aBATCH-UPD _b10 _c20130914 _lUCH01 _h1915 |
||
| 590 |
_aCONVERSION _b10 _c20130109 _lUCH01 _h1327 |
||
| 650 | 1 | 4 |
_aTrigo _xIrrigación. _9115050 |
| 650 | 1 | 4 |
_aTrigo _xNuevo León. _9115069 |
| 901 | _aBK | ||
| 942 | _cTESIS | ||
| 949 |
_bBC _cTES _d-121650 _eTS1 _i55458 _si |
||
| 999 |
_c50336 _d50336 |
||